000 01255nam a22001937a 4500
999 _c63891
_d63891
003 Ge_BSU
005 20260212173702.0
008 260212s1975 ge ||||| |||| 00| 0 geo d
041 _ageo
080 _a330.1(076.1) კ-23
245 _aპოლიტიკური ეკონომიის ამოცანებისა და სავარჯიშოების კრებული :
_bკაპიტალისტური წარმოების წესი. დამხმ. სახელმძღვ. პოლიტეკონომიაში /
_cმთარგმ.:გ. სალიაშვილი; ქართ. თარგმ. და რედ.:გ. ჭანუყვაძე.
264 _aთბილისი :
_bთბილ. უნ-ტის გამ-ბა,
_c1975.
300 _a178 გვ. ;
_b21 სმ.
653 _aპოლიტიკური ეკონომია
653 _aსავარჯიშოების კრებულები
700 _aსალიაშვილი, გ.
_eმთარგმნელი
_91216
700 _aჭანუყვაძე, გ.
_eმთარგმნელი, რედაქტორი
_926110
942 _2udc
_cᲬᲘᲒᲜᲘ